000 00589nam a22001937a 4500
003 OSt
005 20240920132228.0
008 240920b |||||||| |||| 00| 0 eng d
020 _a157958005x
040 _aMUST
_cDDC
082 _a658.88 CRE 1998
100 _aEdited by Mays Elizabeth
_919170
245 _aCredit Risk Modeling:
_bDesign and Applications.
_cEdited by Mays Elizabeth
260 _aChicago and London;
_bFitzroy Dearborn Publishers ,
_c1998.
300 _axiv,257p.:
_bill;
_c23.4cm.
504 _aIncludes Indexes
650 _aManagement
_9364
942 _2ddc
_cO_SHELF
999 _c9389
_d9389